|
|
|
|
| LEADER |
00000nab a2200000 a 4500 |
| 001 |
vtls000416578 |
| 003 |
SK-MaSNL |
| 005 |
20260302234834.0 |
| 008 |
120925c1991 xo 0 slo |
| 015 |
|
|
|a SNBRB19rr/mm-uuuuu
|
| 035 |
|
|
|a CL0416703
|
| 040 |
|
|
|a SNKBUCL
|b slo
|c SNKBUCL
|e AACR2
|
| 041 |
0 |
|
|a slo
|
| 044 |
|
|
|a xo
|c SK
|
| 080 |
|
|
|a 7.01
|2 1981
|
| 080 |
|
|
|a 372.870.1
|2 1981
|
| 100 |
1 |
|
|a Kučerová, Stanislava,
|d 1927-
|4 aut
|9 119423
|
| 245 |
1 |
0 |
|a Systém estetickej výchovy. 1. časť
|c Stanislava Kučerová
|
| 300 |
|
|
|b Fot. 2.
|
| 500 |
|
|
|a /Začiatok./
|
| 650 |
0 |
7 |
|a estetika
|2 snkbucl
|9 791
|
| 650 |
0 |
7 |
|a estetická výchova
|2 snkbucl
|9 66289
|
| 655 |
|
7 |
|a články z novín a časopisov
|2 snkbucl
|9 267496
|
| 773 |
0 |
|
|t Osvetová práca
|g Roč. 41, č. 4 (1991), s. 6-8
|
| 850 |
|
|
|a Slovenská národná knižnica v Martine
|a MTA001
|
| 852 |
|
|
|a SNK
|b KIS3GCP
|
| 958 |
|
|
|a RK
|
| 992 |
|
|
|a RBX
|
| 999 |
|
|
|c 1552087
|d 1554017
|